| 000 | 00770nas a2200253 4500 | ||
|---|---|---|---|
| 001 | BR9207760 | ||
| 003 | BR-BrBNA | ||
| 005 | 20231205093037.0 | ||
| 007 | ta | ||
| 008 | 230509b bl.|||p| |||| 00| 00por d | ||
| 040 |
_aBR-BrBNA _bpor _cBiblioteca Nacional de Agricultura |
||
| 041 | _a(Pt) | ||
| 072 | _aF62; J10 | ||
| 100 | 1 | _aUsberti, R. | |
| 245 | 1 | _aDeterminacao do potencial de armazenamento de sementes de soja pelo teste de envelhecimento acelerado | |
| 650 | _aSOJA | ||
| 650 | _aSEMENTE | ||
| 650 | _aTESTE DE VIGOR | ||
| 650 | _aGERMINACAO | ||
| 650 | _aARMAZENAMENTO | ||
| 773 | 0 |
_tRevista Brasileira de Sementes (Brazil) _xISSN 0101-3122 _g(1979), v. 1(2) p. 28-40 _wBR9207760 |
|
| 909 |
_a202311 _bLúcia _c55 _dLúcia Elande |
||
| 942 |
_2AGRIS _n0 _cANA |
||
| 999 |
_c135844 _d135844 |
||